Teorie přirozeného monopolu a východiská jeho regulace.

Vývoj teórie prirodzeného monopolu a jeho základné charakteristiky. Definovanie prirodzeného monopolu pomocou nákladovej funkcie. Udržateľnosť a vybojovateľnosť prirodzeného monopolu. Spôsoby regulácie prirodzeného monopolu.

Salvato in:
Dettagli Bibliografici
Autore principale: Soukup, P.
Natura: Capitolo di libro
Lingua:ceco
Soggetti:
Tags: Aggiungi Tag
Nessun Tag, puoi essere il primo ad aggiungerne!!

MARC

LEADER 00000naa a2200000 4500
001 r012486
005 20220826094830.8
041 0 |a cze 
044 |a CZ 
245 1 0 |a Teorie přirozeného monopolu a východiská jeho regulace.  |c P. Soukup 
520 |a Vývoj teórie prirodzeného monopolu a jeho základné charakteristiky. Definovanie prirodzeného monopolu pomocou nákladovej funkcie. Udržateľnosť a vybojovateľnosť prirodzeného monopolu. Spôsoby regulácie prirodzeného monopolu. 
610 2 0 |a monopoly 
610 2 0 |a teórie ekonomické 
610 2 0 |a funkcie nákladové 
610 2 0 |a konkurencia 
610 2 0 |a regulácia 
100 1 |a Soukup, P.